Esgrima y amor : (Record no. 173963)
[ view plain ]
| 000 -LEADER | |
|---|---|
| campo de control de longitud fija | 01106namaa2200229 i 4500 |
| 001 - NÚMERO DE CONTROL | |
| campo de control | 173963 |
| 003 - IDENTIFICADOR DE NÚMERO DE CONTROL | |
| campo de control | ES-MaACL |
| 005 - FECHA Y HORA DE LA ÚLTIMA TRANSACCIÓN | |
| campo de control | 20250824052201.0 |
| 008 - DATOS DE LONGITUD FIJA--INFORMACIÓN GENERAL | |
| campo de control de longitud fija | 100203s1888 sp |||| | spa d |
| 040 ## - FUENTE DE CATALOGACIÓN | |
| Centro catalogador/agencia de origen | SpMaBN |
| Lengua de catalogación | spa |
| Centro/agencia transcriptor | PAB |
| 100 1# - ENTRADA PRINCIPAL--NOMBRE DE PERSONA | |
| Nombre de persona | Álvarez Quintero, Serafín, |
| Fechas asociadas al nombre | 1871-1938 |
| Término indicativo de función/relación | Autor |
| 9 (RLIN) | 226443 |
| 245 10 - MENCIÓN DEL TÍTULO | |
| Título | Esgrima y amor : |
| Resto del título | juguete cómico en un acto y en prosa / |
| Mención de responsabilidad, etc. | original de Serafín y Joaquín Álvarez Quintero. |
| 260 ## - PUBLICACIÓN, DISTRIBUCIÓN, ETC. | |
| Lugar de publicación, distribución, etc. | Sevilla : |
| Nombre del editor, distribuidor, etc. | [s.n.], |
| Fecha de publicación, distribución, etc. | 1888 |
| Fabricante | (Imp. Gironés y Orduña) |
| 300 ## - DESCRIPCIÓN FÍSICA | |
| Extensión | 20 páginas ; |
| Dimensiones | 18 cm. |
| 500 ## - NOTA GENERAL | |
| Nota general | En port.: Estrenado con extraordinario éxito en el Teatro Cervantes de Sevilla, la noche del 30 de enero de 1888 |
| 500 ## - NOTA GENERAL | |
| Nota general | En cub. precede al tít.: Administración Lírico-Dramática |
| 655 #0 - TERMINO DE INDIZACIÓN--GENERO/FORMA | |
| Datos o término principal de género/forma | Teatro |
| 9 (RLIN) | 234794 |
| 700 1# - ENTRADA AGREGADA--NOMBRE PERSONAL | |
| Nombre de persona | Álvarez Quintero, Joaquín, |
| Fechas asociadas al nombre | 1873-1944 |
| Término indicativo de función/relación | Autor |
| 9 (RLIN) | 20922 |
| 852 ## - LOCALIZACIÓN | |
| Ubicación | ES-MaACL |
| Ubicación en estantería | Sala Pecera Planta 2 |
| Anotaciones manuscritas | Dedicatoria autógrafa del autor |
| Número de control de estantería | F-8636(1) |
| Encuadernación | Encuadernado en un volumen facticio, formando parte de la colección facticia "Teatro español moderno", v. 91 |
| -- | Pasta española |
| 942 ## - ELEMENTOS DE ENTRADA SECUNDARIOS (KOHA) | |
| Fuente del sistema de clasificación o colocación | Clasificación decimal universal |
| Tipo de ítem Koha | Libro impreso antiguo |
| Suprimir en OPAC | No |
| Estatus retirado | Estado de pérdida | Fuente del sistema de clasificación o colocación | Estado de daño | No para préstamo | Colección | Biblioteca de origen | Biblioteca actual | Ubicación en estantería | Fecha de adquisición | Número de control de estantería | Total de préstamos | Signatura topográfica completa | Código de barras | Visto por última vez | Tipo de ítem Koha | Nota pública |
|---|---|---|---|---|---|---|---|---|---|---|---|---|---|---|---|---|
| Clasificación decimal universal | Libros con dedicatorias | Biblioteca del Ateneo de Madrid | Biblioteca del Ateneo de Madrid | Sala Pecera Planta 2 | 03/02/2010 | 1 | F-8636(1) | 1182610 | 23/02/2023 | Libro impreso antiguo | Dedicatoria autógrafa del autor |
